[Event "FRA-chT2 East 0607"]
[Site "France"]
[Date "2007.01.21"]
[Round "6.8"]
[White "Muller, Marion"]
[Black "Danjean, Patrick"]
[Result "1-0"]
[WhiteElo "1745"]
[BlackElo "1901"]
[PlyCount "97"]
[EventDate "2006.10.15"]
[EventType "team"]
[EventRounds "11"]
[EventCountry "FRA"]
[SourceTitle "EXT 2008"]
[Source "ChessBase"]
[SourceDate "2007.11.25"]
[SourceVersion "1"]
[SourceVersionDate "2007.11.25"]
[SourceQuality "1"]
[WhiteTeam "Strasbourg II"]
[BlackTeam "Montrevel en Bresse"]
[WhiteTeamCountry "FRA"]
[BlackTeamCountry "FRA"]

1. e4 c5 2. Nf3 Nc6 3. Nc3 g6 4. d4 cxd4 5. Nxd4 Bg7 6. Nb3 d6 7. Be2 Nf6 8. 0-0 0-0 9. Re1 a6 10. Bf1 Qc7 11. Nd5 Nxd5 12. exd5 Ne5 13. c3 b5 14. Bg5 Re8 15. a4 bxa4 16. Rxa4 Bd7 17. Ra2 Bb5 18. Be2 Qb7 19. f4 Nd3 20. Bxd3 Bxd3 21. Qxd3 Qxb3 22. Rxa6 Rxa6 23. Qxa6 Qxd5 24. Rxe7 Ra8 25. Qe2 Qc5+ 26. Qe3 Qxe3+ 27. Rxe3 h6 28. Bh4 Ra2 29. Re2 Kh7 30. Kf1 Ra4 31. Bg3 Bf6 32. f5 d5 33. fxg6+ fxg6 34. Rf2 Kg7 35. Rf4 Ra1+ 36. Ke2 Rb1 37. Rb4 Bxc3 38. bxc3 Rc1 39. Be5+ Kf7 40. Kd2 Rg1 41. g3 Rg2+ 42. Kd3 Rxh2 43. Rh4 Rf2 44. Rf4+ Rxf4 45. Bxf4 g5 46. Bb8 h5 47. Kd4 Ke6 48. Be5 g4 49. Bb8 1-0

[Event "FRA-chT2 East 0607"]
[Site "France"]
[Date "2007.01.20"]
[Round "5.8"]
[White "Schmucker, Marie Christine"]
[Black "Danjean, Patrick"]
[Result "0-1"]
[WhiteElo "1499"]
[BlackElo "1901"]
[PlyCount "66"]
[EventDate "2006.10.15"]
[EventType "team"]
[EventRounds "11"]
[EventCountry "FRA"]
[SourceTitle "EXT 2008"]
[Source "ChessBase"]
[SourceDate "2007.11.25"]
[SourceVersion "1"]
[SourceVersionDate "2007.11.25"]
[SourceQuality "1"]
[WhiteTeam "Sarreguemines"]
[BlackTeam "Montrevel en Bresse"]
[WhiteTeamCountry "FRA"]
[BlackTeamCountry "FRA"]

1. d4 Nf6 2. Nf3 g6 3. e3 Bg7 4. b3 c5 5. Bd3 Nc6 6. 0-0 cxd4 7. exd4 d5 8. Bb2 0-0 9. c4 Bg4 10. Nbd2 Qb6 11. Qc2 Nb4 12. Qc3 Nxd3 13. Qxd3 Bf5 14. Qe3 Rfe8 15. b4 dxc4 16. Nxc4 Qxb4 17. Qc3 Qxc3 18. Bxc3 Bd3 19. Rfd1 Bxc4 20. Ne5 Bd5 21. a4 Rac8 22. Bb4 Bh6 23. a5 a6 24. Bd2 Bxd2 25. Rxd2 Ne4 26. Re2 f6 27. Ng4 Nc3 28. Re3 h5 29. Nh6+ Kg7 30. Rc1 Nb5 31. Rce1 Kxh6 32. Rd3 Rc2 33. h3 e6 0-1

[Event "FRA-chT2 East 0607"]
[Site "France"]
[Date "2006.10.15"]
[Round "1.8"]
[White "Tanoh, Helene"]
[Black "Danjean, Patrick"]
[Result "1-0"]
[WhiteElo "1710"]
[BlackElo "1906"]
[PlyCount "83"]
[EventDate "2006.10.15"]
[EventType "team"]
[EventRounds "11"]
[EventCountry "FRA"]
[SourceTitle "EXT 2008"]
[Source "ChessBase"]
[SourceDate "2007.11.25"]
[SourceVersion "1"]
[SourceVersionDate "2007.11.25"]
[SourceQuality "1"]
[WhiteTeam "Selestat"]
[BlackTeam "Montrevel en Bresse"]
[WhiteTeamCountry "FRA"]
[BlackTeamCountry "FRA"]

1. d4 Nf6 2. c4 c5 3. d5 b5 4. cxb5 a6 5. bxa6 Bxa6 6. Nc3 d6 7. Nf3 g6 8. e4 Bxf1 9. Kxf1 Bg7 10. g3 0-0 11. Kg2 Nbd7 12. Re1 Qa5 13. Nd2 Ne5 14. Qe2 Qa6 15. Qxa6 Rxa6 16. Re2 Rb8 17. b3 Nd3 18. Rb1 Ng4 19. Na4 Rxa4 20. bxa4 Rxb1 21. Nxb1 Nxc1 22. Rc2 Nd3 23. Re2 Bd4 24. f4 c4 25. Na3 Bc5 26. Nxc4 Nf6 27. a5 Nc1 28. Rc2 Nd3 29. Re2 Nh5 30. Kf3 Nf6 31. e5 Nxd5 32. exd6 exd6 33. Ke4 Nc3+ 34. Kxd3 Nxe2 35. Kxe2 f5 36. a6 d5 37. Ne5 Kg7 38. Kf3 d4 39. Ke2 Bb6 40. Nc6 Kf6 41. a7 Bxa7 42. Nxa7 1-0

[Event "FRA-chT2D 0506"]
[Site "France"]
[Date "2006.03.12"]
[Round "9.8"]
[White "Maisuradze, Nino"]
[Black "Danjean, Patrick"]
[Result "1/2-1/2"]
[WhiteElo "2213"]
[BlackElo "1900"]
[PlyCount "54"]
[EventDate "2005.10.27"]
[EventType "team-tourn"]
[EventRounds "11"]
[EventCountry "FRA"]
[SourceTitle "EXT 2006"]
[Source "ChessBase"]
[SourceDate "2005.11.24"]
[SourceVersion "1"]
[SourceVersionDate "2005.11.24"]
[SourceQuality "1"]
[WhiteTeam "Evry II"]
[BlackTeam "Montrevel en Bresse"]
[WhiteTeamCountry "FRA"]
[BlackTeamCountry "FRA"]

1. d4 Nf6 2. c4 c5 3. d5 b5 4. cxb5 a6 5. bxa6 Bxa6 6. Nc3 d6 7. e4 Bxf1 8. Kxf1 Nbd7 9. g3 g6 10. Kg2 Bg7 11. Rb1 Qa5 12. Nge2 0-0 13. b3 Rfb8 14. Qc2 c4 15. Bd2 cxb3 16. axb3 Qc5 17. h3 Ra3 18. Rhc1 Qb4 19. Be3 Rxb3 20. Rxb3 Qxb3 21. Qxb3 Rxb3 22. Nd4 Rb7 23. Nc6 Kf8 24. Ra1 Ne8 25. Ra3 Nc7 26. f4 f5 27. Bd4 fxe4 1/2-1/2

[Event "FRA-chT2D 0506"]
[Site "France"]
[Date "2005.11.20"]
[Round "3.8"]
[White "Dhieux, Franky"]
[Black "Danjean, Patrick"]
[Result "0-1"]
[WhiteElo "2045"]
[BlackElo "1900"]
[PlyCount "114"]
[EventDate "2005.10.27"]
[EventType "team-tourn"]
[EventRounds "11"]
[EventCountry "FRA"]
[SourceTitle "EXT 2006"]
[Source "ChessBase"]
[SourceDate "2005.11.24"]
[SourceVersion "1"]
[SourceVersionDate "2005.11.24"]
[SourceQuality "1"]
[WhiteTeam "Chalon"]
[BlackTeam "Montrevel en Bresse"]
[WhiteTeamCountry "FRA"]
[BlackTeamCountry "FRA"]

1. d4 Nf6 2. c4 g6 3. Nf3 c5 4. d5 b5 5. cxb5 a6 6. bxa6 Bxa6 7. Nc3 d6 8. g3 Nbd7 9. Bg2 Bg7 10. 0-0 0-0 11. h3 Qc7 12. Re1 Rfb8 13. Qc2 Nb6 14. e4 Nfd7 15. Bg5 Ne5 16. Nxe5 Bxe5 17. a4 Nc4 18. b3 Na5 19. Rab1 Rb7 20. Bf1 Bxf1 21. Rxf1 Rb4 22. Nb5 Qd7 23. Bd2 Qxh3 24. Bxb4 cxb4 25. f4 Qxg3+ 26. Qg2 Qe3+ 27. Qf2 Bxf4 28. Qxe3 Bxe3+ 29. Kg2 Rc8 30. Rf3 Rc2+ 31. Kg3 Bg5 32. Nd4 Rd2 33. Nc6 Nxc6 34. dxc6 Rc2 35. Rbf1 f6 36. Ra1 Rxc6 37. a5 Ra6 38. Rd3 e5 39. Kf3 Kf7 40. Rd5 Ke6 41. Ra4 f5 42. Rxb4 fxe4+ 43. Kxe4 Bd8 44. Ra4 h5 45. b4 h4 46. Rd2 g5 47. Rg2 d5+ 48. Kf3 e4+ 49. Kg4 Ke5 50. Rf2 e3 51. Rf5+ Ke6 52. Rf3 d4 53. b5 e2 54. bxa6 e1Q 55. a7 Qe4+ 56. Kh5 Qxf3+ 57. Kh6 Qb7 0-1

[Event "FRA-chT2D 0506"]
[Site "France"]
[Date "2005.11.19"]
[Round "2.9"]
[White "Saatdjian, Joanna"]
[Black "Danjean, Patrick"]
[Result "0-1"]
[WhiteElo "1499"]
[BlackElo "1900"]
[PlyCount "72"]
[EventDate "2005.10.27"]
[EventType "team-tourn"]
[EventRounds "11"]
[EventCountry "FRA"]
[SourceTitle "EXT 2006"]
[Source "ChessBase"]
[SourceDate "2005.11.24"]
[SourceVersion "1"]
[SourceVersionDate "2005.11.24"]
[SourceQuality "1"]
[WhiteTeam "Nancy"]
[BlackTeam "Montrevel en Bresse"]
[WhiteTeamCountry "FRA"]
[BlackTeamCountry "FRA"]

1. e4 g6 2. Nf3 Bg7 3. d4 d6 4. Nc3 Nc6 5. Bb5 Bd7 6. d5 Ne5 7. 0-0 c6 8. Be2 Nxf3+ 9. Bxf3 Nf6 10. b3 cxd5 11. exd5 Rc8 12. Bb2 Qa5 13. Qd2 0-0 14. Rfe1 e5 15. dxe6 Bxe6 16. Bxb7 Rc7 17. Bf3 d5 18. Rad1 Ne4 19. Nxe4 Qxd2 20. Rxd2 Bxb2 21. Ng3 Bc3 22. Red1 Bxd2 23. Rxd2 Rfc8 24. Bd1 Rc5 25. b4 Rc4 26. a3 Rc3 27. a4 R3c4 28. c3 Rxc3 29. b5 Rc1 30. a5 Rb1 31. b6 axb6 32. axb6 Rxb6 33. f3 Rb4 34. Kf2 f5 35. Ne2 Rcc4 36. g3 g5 0-1

[Event "FRA-chT2D 0506"]
[Site "France"]
[Date "2005.10.16"]
[Round "1.8"]
[White "Hartmann, Dominique"]
[Black "Danjean, Patrick"]
[Result "1-0"]
[WhiteElo "1986"]
[BlackElo "1900"]
[PlyCount "53"]
[EventDate "2005.10.27"]
[EventType "team-tourn"]
[EventRounds "11"]
[EventCountry "FRA"]
[SourceTitle "EXT 2006"]
[Source "ChessBase"]
[SourceDate "2005.11.24"]
[SourceVersion "1"]
[SourceVersionDate "2005.11.24"]
[SourceQuality "1"]
[WhiteTeam "Metz Fischer"]
[BlackTeam "Montrevel en Bresse"]
[WhiteTeamCountry "FRA"]
[BlackTeamCountry "FRA"]

1. d4 Nf6 2. Bf4 g6 3. e3 d6 4. h3 Bg7 5. Nf3 0-0 6. Be2 c5 7. c4 cxd4 8. exd4 Qb6 9. Qb3 Qxb3 10. axb3 Bf5 11. Nc3 Nc6 12. 0-0 Nb4 13. Ne1 Ne4 14. g4 Nxc3 15. bxc3 Nc2 16. Ra2 Nxe1 17. gxf5 e5 18. dxe5 dxe5 19. Be3 gxf5 20. Rxe1 f4 21. Bc5 Rfe8 22. Bf3 Rac8 23. Bd6 Re6 24. c5 b6 25. b4 bxc5 26. bxc5 Rce8 27. Be4 1-0